Quiz o Rumunii - Statystyki

Ogólne statystyki
  • Ten quiz został rozwiązany 26 razy
  • Średni wynik to 11 z 15
Statystyki odpowiedzi
Wskazówka Odpowiedź % Poprawnych
Stolica Bukareszt
100%
Język urzędowy Rumuński
100%
Liczba ludności w milionach (ok.) 19 mln
95%
Morze, do którego ma dostęp Morze Czarne
95%
Rok dołączenia do Unii Europejskiej 2007 r.
86%
Pasmo górskie na zachodzie Karpaty
81%
Rok dołączenia do NATO 2004 r.
76%
Najdłuższa rzeka Dunaj
76%
Rumunia znana jest z malowniczych ______, np. Rasnov czy średniowieczny Corvin w Hunedoarze Zamków
76%
Waluta Lej rumuński
71%
Przez kogo, według legend, zamieszkany był zamek w Branie? Przez Drakulę
57%
Potrawa z farszu (mięso mielone, ryż, grzyby czy np. cebula) zrolowanego w liściach kapusty Gołąbki
48%
Inna nazwa Transylwanii Siedmiogród
43%
Największy partner handlowy Polska
33%
Prezydent Klaus Iohannis
14%
Nie znaleziono quizów pasujących do podanych kryteriów
Rozkład punktacji
Procent ludzi z każdym wynikiem
Percentyl według liczby udzielonych odpowiedzi
Twoja historia wyników
Nie rozwiązałeś tego quizu